A BASIC COURSE OF PRACTICAL METAL WORK (Record no. 580734)
[ view plain ]
| 000 -LEADER | |
|---|---|
| fixed length control field | 00258nam a22001097a 4500 |
| 082 ## - DEWEY DECIMAL CLASSIFICATION NUMBER | |
| Classification number | 671 BED'B |
| 100 ## - MAIN ENTRY--PERSONAL NAME | |
| Personal name | BEDFORD, JOHN R |
| 9 (RLIN) | 58205 |
| 245 ## - TITLE STATEMENT | |
| Title | A BASIC COURSE OF PRACTICAL METAL WORK |
| 260 ## - PUBLICATION, DISTRIBUTION, ETC. | |
| Place of publication, distribution, etc. | LONDON |
| Name of publisher, distributor, etc. | JOHN MURRAY |
| Date of publication, distribution, etc. | 1960 |
| 300 ## - PHYSICAL DESCRIPTION | |
| Extent | 96P |
| 942 ## - ADDED ENTRY ELEMENTS (KOHA) | |
| Koha item type | Book |
| Withdrawn status | Lost status | Damaged status | Not for loan | Permanent Location | Current Location | Shelving location | Date acquired | Total Checkouts | Full call number | Barcode | Date last seen | Price effective from | Koha item type |
|---|---|---|---|---|---|---|---|---|---|---|---|---|---|
| College of Electrical & Mechanical Engineering (CEME) | College of Electrical & Mechanical Engineering (CEME) | General Stacks | 05/17/2017 | 671 BED'B | CEME-15104 | 06/28/2021 | 06/28/2021 | Book | |||||
| College of Electrical & Mechanical Engineering (CEME) | College of Electrical & Mechanical Engineering (CEME) | General Stacks | 05/17/2017 | 671 BED'B | CEME-3193 | 06/28/2021 | 06/28/2021 | Book |
